000 00334nam a2200145Ia 4500
005 20251222152709.0
008 251222s9999||||xx |||||||||||||| ||spa||
020 _a8434514818
082 _a617.51026/Z85
100 _aZollner, Fritz
245 0 _aOtorrinolaringología
250 _a1ra.ed.
264 _bSalvat S.A
942 _cLIB
999 _c29128
_d29128